01206nam a2200301Ia 450000100060000000300100000600500170001600700030003300800410003602000180007704000350009504100080013008400110013810000390014924501850018825000220037326400470039530000690044233600270051133700330053833800280057150000550059965000090065470000850066394200120074899900170076095201270077757278CO-BoRNBP20250611170302.0ta180109s9999 xx 000 0 und d a9788494416040 aCO-BoRNBPbspaerdacCO-BoRNBP aspa aN DEF11 aDefoë, Daniel, 1661?-173196019910aVida y extrañas y sorprendentes aventuras de Robinson Crusoe, marinero de York, escritas por él mismo /cDaniel Defoe ; ilustraciones Carybé ; traducido por Julio Cortázar. aPrimera edición 1aBuenos Aires :bLibros del zorro rojo;2015 a587 páginas :bilustraciones y fotografías en color ;c25 cm atextobtxt2rdacontent asin mediaciónbn2rdamedia avolumenbnc2rdacarrier aIncluye información biográfica de los autores. 2LEMB1 aCarybé, 1911-1997, ilustrador \ Cortázar, Julio, 1914-1984, traductor960200 2loccBK c57278d57278 00102ddc40708GENaMECASARIbMECASARIcGENd2025-06-11l0oN DEF1pMDA001153r2025-06-11 17:03:19tEj.1w2025-06-11yBK